MARC

LEADER 00000nam0a2200000 4500
001 263226
005 20231101233724.0
010 |a 5785500256 
035 |a (RuTPU)RU\TPU\book\286211 
090 |a 263226 
100 |a 20140606d1988 k y0rusy50 ca 
101 0 |a rus 
102 |a BY 
105 |a y z 001zy 
200 1 |a Лабиринты познания  |f М. А. Слемнёв 
210 |a Минск  |c Университетское  |d 1988 
215 |a 174 с. 
320 |a Библиогр.: с. 173. 
606 1 |a Познание  |x Философия  |2 stltpush  |3 (RuTPU)RU\TPU\subj\49977  |9 68737 
610 1 |a познавательная активность 
610 1 |a познавательная деятельность 
610 1 |a познавательные процессы 
610 1 |a гносеология 
610 1 |a гносеологический анализ 
610 1 |a философия 
686 |a Ю22  |v LBC/SL-A  |2 rubbk 
700 1 |a Слемнёв  |b М. А.  |g Михаил Александрович 
801 1 |a RU  |b 63413507  |c 20140606 
801 2 |a RU  |b 63413507  |c 20150416  |g RCR 
942 |c BK